| 000 -LEADER |
| fixed length control field |
00368cam a22001097a 4500 |
| 008 - FIXED-LENGTH DATA ELEMENTS--GENERAL INFORMATION |
| fixed length control field |
180718b1989 xxu||||| |||| 00| 0 eng d |
| 082 ## - DEWEY DECIMAL CLASSIFICATION NUMBER |
| Classification number |
L1mx5442 1988-89/2 |
| 100 ## - MAIN ENTRY--PERSONAL NAME |
| Personal name |
Mahanagarpalika, Brihamumbai |
| 245 ## - TITLE STATEMENT |
| Title |
Appendices to budget estimates 'A' 'B' & 'E', 1988-89 |
| Statement of responsibility, etc. |
by Brihamumbai Mahanagarpalika |
| 260 ## - PUBLICATION, DISTRIBUTION, ETC. |
| Place of publication, distribution, etc. |
Bombay |
| Name of publisher, distributor, etc. |
Government of Maharashtra |
| Date of publication, distribution, etc. |
1989 |
| 300 ## - PHYSICAL DESCRIPTION |
| Extent |
v.p. |